Kľúče od brány slovenčiny pre anglickú teletechnologickú terminológiu (prienik nových jazykových javov súvisiacich s teletechnológiami do slovenčiny)

Bibliographic Details
Main Author: Demčišáková, Eva (Author)
Format: Article
Language:Slovak
ISSN:1335-3624
Subjects:

MARC

LEADER 00000nab a2200000 a 4500
001 vtls000822689
003 SK-MaSNL
005 20260304105321.0
008 250429c2001 xo 0 slo
015 |a SNBRB2003/01-ccccc 
035 |a CLN000174344 
035 |a urn:nbn:sk:snk-ab7860 
035 |a (uuid)08c2bcba-5f9e-4f7e-8684-2edeedf943d6 
035 |a (urnnbn)urn:nbn:sk:snk:ar-a075zq 
035 |a (sysno)vtls000822689 
040 |a SNKBUCL  |b slo  |c SNKBUCL  |e AACR2 
041 0 |a slo 
044 |a xo  |c SK 
080 |a 801.316.3:808.54-316.4  |2 1997 
080 |a 801.316.4:808.54-316.3  |2 1997 
080 |a 808.54-316.3:802.0  |2 1997 
080 |a 808.54-316.4:802.0  |2 1997 
080 |a 802.0-31  |2 1997 
100 1 |a Demčišáková, Eva  |4 aut  |9 799994 
245 1 0 |a Kľúče od brány slovenčiny pre anglickú teletechnologickú terminológiu  |b (prienik nových jazykových javov súvisiacich s teletechnológiami do slovenčiny)  |c Eva Demčišáková 
650 0 7 |a slovenčina  |2 snkbucl  |9 1350 
650 0 7 |a odborná terminológia  |2 snkbucl  |9 3616 
650 0 7 |a anglicizmy  |2 snkbucl  |9 4147 
655 7 |a články z novín a časopisov  |2 snkbucl  |9 267496 
773 0 |t Filologická revue  |g Roč. 4, č. 4 (2001), s. 53-56  |x 1335-3624 
850 |a Slovenská národná knižnica 
852 |a Slovenská národná knižnica 
954 |a odborná, vedecká literatúra pôvodná (slovenská)  |2 lita 
958 |a article27 
958 |a OND 
958 |a EUIPO 
992 |a RBX 
999 |c 2855204  |d 2857134